000
00327nam a2200133Ia 4500
008
220216s9999 xx 000 0 und d
245
0
_a
Control of weeds on Malayan rubber estates
260
_b
Planters Bulletin
_c
1959
300
_a
100-116
650
_a
Malaysia
650
_a
Rubber
650
_a
Weed control
942
_c
JS
999
_c
56329
_d
56329